000 004600000a22001810004500
003 MACL
005 20150711144243.0
008 150711b xxu||||| |||| 00| 0 eng d
040 _aMACL
_cMACL
041 _aEnglish
082 _a320
100 _aChowdhuri,Satyabrata Rai
_91767
245 _aLeftism in India 1917-1947
260 _aDelhl
_bMacmillan Publishers india
_c2007
350 _a375
650 _aPolitical Scinece
_91102
942 _cBK
_k320
_2ddc
999 _c48425
_d48425